00528nam a2200193Ia 450000500170000000800410001702000150005808200160007310000160008924500220010525000080012726000450013530000120018065000080019265000180020094200060021895200950022499900150031920240603031040.0240331s9999 xx 000 0 und d a955126620x bFERa3451st aFernando R. 2aA muder in Ceylon a1st aColombobVijitha Yapa Publicationsc2006 a480 p., aLaw aHuman Rights  cL 001040708LaWERCLbWERCLcSSCd2024-03-31l0o 340 FERp5609r2024-03-31w2024-03-31yL c1427d1427